ბათუმის შოთა რუსთაველის სახელმწიფო უნივერსიტეტის ბიბლიოთეკა

დაბრუნება:ამბავი (ბიბ.ჩანაწერი № 41989)

000 -LEADER
fixed length control field 00716nam a2200241Ia 4500
001 - CONTROL NUMBER
control field 8675
003 - CONTROL NUMBER IDENTIFIER
control field GE_BSU
008 - FIXED-LENGTH DATA ELEMENTS--GENERAL INFORMATION
fixed length control field 181216s||||||||xx |||||||||||||| ||und||
040 ## - CATALOGING SOURCE
Transcribing agency GE_BSU
080 ## - UNIVERSAL DECIMAL CLASSIFICATION NUMBER
Universal Decimal Classification number 821.353.1-11
100 ## - MAIN ENTRY--PERSONAL NAME
Personal name იოსელიანი,შალვა
245 ## - TITLE STATEMENT
Title დაბრუნება:ამბავი
245 ## - TITLE STATEMENT
Remainder of title პოემა.
245 ## - TITLE STATEMENT
Statement of responsibility, etc. რედ:ლ.შარაშიძე
260 ## - PUBLICATION, DISTRIBUTION, ETC.
Place of publication, distribution, etc. ბათუმი.
260 ## - PUBLICATION, DISTRIBUTION, ETC.
Name of publisher, distributor, etc. აჭარის სახელმწიფო გამ-ბა.
260 ## - PUBLICATION, DISTRIBUTION, ETC.
Date of publication, distribution, etc. 1940.
300 ## - PHYSICAL DESCRIPTION
Extent 100გვ;16სმ.
653 ## - INDEX TERM--UNCONTROLLED
Uncontrolled term ამბავი
653 ## - INDEX TERM--UNCONTROLLED
Uncontrolled term დაბრუნება
653 ## - INDEX TERM--UNCONTROLLED
Uncontrolled term პოემა.
942 ## - ADDED ENTRY ELEMENTS (KOHA)
Koha item type წიგნი
ეგზემპლარები
Withdrawn status Lost status Damaged status Not for loan Date acquired Barcode Date last seen Price effective from Koha item type
        2018-12-17 31099 2018-12-17 2018-12-17 წიგნი
        2018-12-17 31100 2018-12-17 2018-12-17 წიგნი